000 00376nam a2200145Ia 4500
003 SGT
082 _a6.3
_bJAN
100 _aJanakiraman,V.S
245 _aFoundations of artificial intelligence and expert systems
260 _bMacmillan Publishers India Limted
_aNew Delhi
_c2013
300 _a231p.
700 _aGopalakrishnan,P
700 _aSarukesi,K
942 _2ddc
_cBK
_02
999 _c5690
_d5690